00354nam a2200145Ia 4500008004100000082001600041100001400057245003000071250000800101260002700109300001200136500002500148650001500173700002000188230524s9999 xx 000 0 und d a658.45bRAO aV.S.P.Rao 0aManagement Text And Cases a1ST aNEW DELHIbExcelc2007 aXIV;959 aQuantity Number: 20 aManagement a V Hari Krishna